000253700 001__ 253700
000253700 005__ 20240928175057.0
000253700 0247_ $$aG:(GEPRIS)286101044$$d286101044
000253700 035__ $$aG:(GEPRIS)286101044
000253700 040__ $$aGEPRIS$$chttp://gepris.its.kfa-juelich.de
000253700 150__ $$aDie Bildung und Entwicklung des Begriffs der virtuellen Teilchen$$y2016 - 2024
000253700 371__ $$aProfessor Dr. Robert Harlander
000253700 371__ $$aDr. Adrian Wüthrich
000253700 450__ $$aDFG project G:(GEPRIS)286101044$$wd$$y2016 - 2024
000253700 5101_ $$0I:(DE-588b)2007744-0$$aDeutsche Forschungsgemeinschaft$$bDFG
000253700 550__ $$0G:(GEPRIS)234743567$$aFOR 2063: The Epistemology of the Large Hadron Collider$$wt
000253700 680__ $$aDieses Projekt untersucht das Konzept des virtuellen Teilchens aus der Sicht der Wissenschaftsgeschichte und -philosophie ("integrated History and Philosophy of Science"). Das Konzept ist ein integraler Bestandteil der modernen Physik, hauptsächlich weil es die einfache Beschreibung und Interpretation komplexer Prozesse in der Quantenphysik ermöglicht. Trotz seiner weiten Verbreitung scheint keine eindeutige Definiton des Begriffs des virtuellen Teilchens zu existieren. Das vorliegende Projekt zeigt die Ursprünge des Konzeptes auf und verfolgt seine zeitliche Entwicklung. In Phase 1 wurden systematisch die Gründe für die Einführung des Konzeptes im Rahmen der Quantenmechanik und der frühen Quantenfeldtheorie (QFT) untersucht. Phase 2 legt den Fokus auf seine weitere Entwicklung im Kontext der QFT, der S-Matrixtheorie und des Standardmodells. Ein weiteres Ziel des Projekts ist es zu erklären, wie es zu den heute anzutreffenden unterschiedlichen Verwendungsweisen dieses Ausdrucks kam. Unter Hinzunahme der Ergebnisse aus Phase 1 werden wir insgesamt auch zum allgemeinen Verständnis von Begriffsbildung in der Physik beitragen.
000253700 909CO $$ooai:juser.fz-juelich.de:920302$$pauthority$$pauthority:GRANT
000253700 909CO $$ooai:juser.fz-juelich.de:920302
000253700 980__ $$aG
000253700 980__ $$aAUTHORITY